La transparencia y el acceso a la información como política pública y su impacto en la sociedad y el gobierno /

Guardat en:
Dades bibliogràfiques
Autor principal: Zaldívar, Angel Trinidad (autor)
Format: Llibre
Idioma:espanyol
Publicat: México : Congreso de la Unión, Cámara de Diputados, LIX Legislatura : Miguel Angel Porrúa, 2006, c2006
Col·lecció:(Conocer para Decidir)
Matèries:
Etiquetes: Afegir etiqueta
Sense etiquetes, Sigues el primer a etiquetar aquest registre!

MARC

LEADER 00000nam^a2200000^a^4500
001 000266230
005 20250521000000.0
009 20260310110745.462
020 |a 970-701-798-8 
037 |a Acervo ITESO - Biblioteca 
041 |a ESP 
082 |a 343. 720995  |b ZAL 
100 |a Zaldívar, Angel Trinidad  |e (autor) 
245 1 3 |a La transparencia y el acceso a la información como política pública y su impacto en la sociedad y el gobierno /  |c A.T. Zaldívar. 
264 4 |a México :  |b Congreso de la Unión, Cámara de Diputados, LIX Legislatura :  |b Miguel Angel Porrúa,  |c 2006, c2006 
300 |a 155 p. 
336 |a texto  |b txt  |2 rdacontenido 
337 |a sin mediación  |b n  |2 rdamedio 
338 |a volumen  |b nc  |2 rdasoporte 
440 1 |a (Conocer para Decidir) 
649 |a XX 
650 |a Gobernantes y Gobernados -  |z México 
650 |a Transparencia Administrativa -  |z México -  |x Tema Principal 
650 |a Derecho a la Información -  |z México -  |x Tema Principal 
650 |a Democracia -  |z México 
650 |a Información -  |z México -  |x Aspectos Políticos 
650 |a Internet -  |z México 
650 |a Sistemas de Información -  |z México 
650 |a Tecnologías de Comunicación e Información -  |z México -  |x Función Organizacional -  |x Tema Principal 
650 |a Comunicación y Política -  |z México 
650 |a Administración Pública -  |z México -  |x Historia -  |y 2000-2006 
650 |a Política -  |z México -  |x Historia -  |y 2000-2006 
910 |a Fondo General 
920 |a Impresos - Libros 
930 |a Colección General 
905 |a 101 
901 |a 0500149201  |b IT1  |c ACC  |u 20250521 
902 |a https://opac.biblio.iteso.mx/vufind/Record/000266230